Music Quiz

Random Music or Song Quiz

Now! Artists (11-20) Quiz Stats

 Plays Quiz not verified by Sporcle

Challenge
Share
Tweet
Embed
Score 0/200 Timer 15:00
0 Plays Today
Song Artist % Correct
Hot in HerreNelly
97.6%
Air Force OnesNelly featuring Kyjuan, Ali, & Murphy Lee
97.6%
My PlaceNelly featuring Jaheim
97.6%
Over and OverNelly featuring Tim McGraw
97.6%
'03 Bonnie and ClydeJay-Z featuring Beyonce
95.2%
Crazy in LoveBeyonce featuring Jay-Z
95.2%
Where Is the Love?Black Eyed Peas featuring Justin Timberlake
94%
ToxicBritney Spears
92.8%
EverytimeBritney Spears
92.8%
In My PlaceColdplay
90.4%
ClocksColdplay
90.4%
Speed of SoundColdplay
90.4%
Fix YouColdplay
90.4%
Shut UpBlack Eyed Peas
89.2%
Hey MamaBlack Eyed Peas
89.2%
Let's Get It StartedBlack Eyed Peas
89.2%
SoldierDestiny's Child featuring T.I. and Lil Wayne
89.2%
Don't Phunk with My HeartBlack Eyed Peas
89.2%
Jenny from the BlockJennifer Lopez
88%
I'm GladJennifer Lopez
88%
Me, Myself and IBeyonce
88%
Naughty GirlBeyonce
88%
Like I Love YouJustin Timberlake
86.7%
Rock Your BodyJustin Timberlake
86.7%
SenoritaJustin Timberlake
86.7%
What You Waiting For?Gwen Stefani
86.7%
Hollaback GirlGwen Stefani
86.7%
Holidae InChingy featuring Ludacris & Snoop Dogg
85.5%
Stacy's MomFountains of Wayne
84.3%
BeautifulSnoop Dogg featuring Pharrell and Charlie Wilson
81.9%
Behind These Hazel EyesKelly Clarkson
80.7%
Drop It Like It's HotSnoop Dogg featuring Pharrell
79.5%
Don't Know WhyNorah Jones
78.3%
SunriseNorah Jones
78.3%
Hey Ya!Outkast
78.3%
Pon de ReplayRihanna
78.3%
Sugar, We're Goin' DownFall Out Boy
78.3%
Underneath it AllNo Doubt featuring Lady Saw
77.1%
Girls All the Bad Guys WantBowling for Soup
77.1%
It's My LifeNo Doubt
77.1%
1985Bowling for Soup
77.1%
VertigoU2
77.1%
Mr. Bright SideThe Killers
77.1%
Feel Good Inc.Gorillaz
77.1%
Excuse Me MissJay-Z
75.9%
I Like ThatHouston featuring Chingy, Nate Dogg, & I-20
74.7%
Beverly HillsWeezer
74.7%
Right ThurrChingy
73.5%
One Call AwayChing featuring J Weav
73.5%
Balla BabyChingy
73.5%
OhCiara featuring Ludacris
72.3%
Objection (Tango)Shakira
69.9%
La TorturaShakira
69.9%
Don't ChaThe Pussycat Dolls featuring Busta Rhymes
69.9%
The First Cut Is the DeepestSheryl Crow
68.7%
Take Me OutFranz Ferdinand
68.7%
Do You Want ToFranz Ferdinand
68.7%
GirlDestiny's Child
67.5%
Cater 2 UDestiny's Child
67.5%
LandslideDixie Chicks
66.3%
Running AwayHoobastank
66.3%
Big Yellow TaxiCounting Crows featuring Vanessa Carlton
66.3%
The ReasonHoobastank
66.3%
Pieces of MeAshlee Simpson
66.3%
DisappearHoobastank
66.3%
MockingbirdEminem
65.1%
SomedayNickelback
63.9%
Song Artist % Correct
Lose ControlMissy Elliott featuring Ciara and Fatman Scoop
63.9%
GoodiesCiara featuring Petey Pablo
62.7%
When I'm Gone3 Doors Down
61.4%
The Road I'm On3 Doors Down
61.4%
Here Without You3 Doors Down
61.4%
Stand UpLudacris featuring Shawnna
61.4%
Let Me Go3 Doors Down
61.4%
Pimpin' All Over the WorldLudacris featuring Bobby Valentino
61.4%
Girls & BoysGood Charlotte
60.2%
With You Jessica Simpson
60.2%
Hold On Good Charlotte
60.2%
Take My Breath AwayJessica Simpson
60.2%
Redneck WomanGretchen Wilson
60.2%
AngelsJessica Simpson
60.2%
Here for the PartyGretchen Wilson
60.2%
I Just Wanna LiveGood Charlotte
60.2%
Like You Bow Wow featuring Ciara
60.2%
Ocean AvenueYellowcard
59%
CollideHowie Day
57.8%
Meant to LiveSwitchfoot
56.6%
Dare You to MoveSwitchfoot
56.6%
You & MeLifehouse
56.6%
Gangsta Lovin'Eve featuring Alicia Keys
54.2%
Ordinary DayVanessa Carlton
51.8%
Pretty BabyVanessa Carlton
51.8%
In This DiaryThe Ataris
51.8%
Why Can't I?Liz Phair
51.8%
The Boys of SummerThe Ataris
51.8%
One Last BreathCreed
50.6%
Bump, Bump, BumpB2k featuring P. Diddy
50.6%
Leave (Get Out)Jojo
50.6%
Baby It's YouJojo
50.6%
Hell YeahGinuwine featuring Baby
49.4%
If You're Not the OneDaniel Bedingfield
48.2%
These Words (I Love You, I Love You)Natasha Bedingfield
48.2%
GigoloNick Cannon featuring R. Kelly
47%
(I Hate) Everything About YouThree Days Grace
47%
100 YearsFive for Fighting
47%
Just Like YouThree Days Grace
47%
Lean BackTerror Squad featuring Fat Joe and Remy
47%
Ch-Check It OutBeastie Boys
47%
HomeThree Days Grace
47%
IncompleteBackstreet Boys
47%
Just Want You to KnowBackstreet Boys
47%
Thoia ThoingR. Kelly
45.8%
Let's Get DownBow Wow featuring Baby
45.8%
Baby I'm BackBaby Bash featuring Akon
45.8%
Listen to Your HeartD.H.T. featuring Edmee
45.8%
HeroChad Kroeger featuring Josey Scott
43.4%
SwitchWill Smith
43.4%
Breath (2 AM)Anna Nalick
43.4%
Days Go ByDirty Vegas
41%
The Hell SongSum 41
41%
My Love Is Like...WoMya
41%
The RedChevelle
39.8%
GirlfriendB2k
39.8%
Send the Pain BelowChevelle
39.8%
Feeling Thisblink-182
39.8%
Used to Love UJohn Legend
39.8%
Vitamin R (Leading Us Along)Chevelle
39.8%
Ordinary PeopleJohn Legend
39.8%
I Care 4 UAaliyah
38.6%
Miss YouAaliyah
38.6%
My BandD12
38.6%
Somebody Like YouKeith Urban
37.3%
StuckStacie Orrico
37.3%
(There's Gotta Be) More to LifeStacie Orrico
37.3%
Song Artist % Correct
Shorty DoowopBaby Bash featuring Perla Cruz and Russell Lee
37.3%
Where Are We Runnin'?Lenny Kravitz
37.3%
Days Go ByKeith Urban
37.3%
Lady Lenny Kravitz
37.3%
You're My Better HalfKeith Urban
37.3%
Making Memories of UsKeith Urban
37.3%
You'll Think of MeKeith Urban
37.3%
Freek-a-LeekPetey Pablo
36.1%
Suga SugaBaby Bash featuring Frankie J
34.9%
One ThingFinger Eleven
34.9%
Obsession (No Es Amor)Frankie J featuring Baby Bash
34.9%
I Think They Like Me (Remix)Dem Franchize Boyz featuring Jermaine Dupri, Da Brat, & Bow Wow
34.9%
Somewhere Out ThereOur Lady Peace
33.7%
I Don't Want You BackEamon
33.7%
Locked UpAkon featuring Styles P
32.5%
RumorsLindsay Lohan
32.5%
1 ThingAmerie
32.5%
Love at First SightKylie Minogue
31.3%
StingyGinuwine
31.3%
Never Leave You (Uh Ooh, Uh Ooh)Lumidee
31.3%
In Those JeansGinuwine
31.3%
GirlfightBrooke Valentine featuring Big Boi and Lil Jon
31.3%
BareNakedJennifer Love Hewitt
30.1%
Only U Ashanti
28.9%
Everyday Bon Jovi
27.7%
Dip It LowChristina Milian
27.7%
Made You LookNas
26.5%
I CanNas
26.5%
FeelRobbie Williams
26.5%
Wat Da Hook Gon BeMurphy Lee featuring Jermaine Dupri
26.5%
Falls On MeFuel
26.5%
StoleKelly Rowland
25.3%
I Want YouThalia featuring Fat Joe
25.3%
Mova Ya BodyNina Sky featuring Jabba
25.3%
OOmarion
25.3%
Just the GirlThe Click Five
25.3%
Don't Wanna TryFrankie J
24.1%
How to DealFrankie J
24.1%
Blowin' Me Up (With Her Love)JC Chasez
21.7%
ColdCrossfade
21.7%
Don't Mess With My ManNivea featuring Brandon & Casey from Jagged Edge
19.3%
Gangsta NationWestside Connection featuring Nate Dogg
19.3%
HeavenLos Lonely Boys
19.3%
Why?Jadakiss featuring Anthony Hamilton
16.9%
Slow Motion Juvenile featuring Soulja Slim
15.7%
Feel it BoyBeenie Man featuring Janet
14.5%
Walked Outta HeavenJagged Edge
14.5%
Slow DownBobby Valentino
13.3%
Nothin'N.O.R.E.
12%
AlwaysSaliva
12%
BounceSarah Connor
12%
Dude Beenie Man featuring Ms. Thing
12%
Tangled Up in MeSkye Sweetnam
12%
SerenityGodsmack
10.8%
SunshineLil' Flip featuring Lea
10.8%
Be My EscapeRelient K
10.8%
Luv U BetterLL Cool J
9.6%
Lights OutLisa Marie Presley
9.6%
You & MeJ-Kwon
9.6%
I Should BeDru Hill
8.4%
Pump It UpJoe Budden
8.4%
AngelAmanda Perez
7.2%
EverythingFefe Dobson
6%
BreatheTelepopmusik
4.8%
Jessie's GirlFrickin' A
3.6%
Must Be NiceLyfe Jennings
3.6%

You're not logged in!

Compare scores with friends on all Sporcle quizzes.
Join for Free
OR
Log In

You Might Also Like...

Show Comments

Extras

Created Jan 28, 2011ReportNominate
Tags:Artist Quiz, Song Quiz, 11-20

Top Quizzes Today


Score Distribution

Your Account Isn't Verified!

In order to create a playlist on Sporcle, you need to verify the email address you used during registration. Go to your Sporcle Settings to finish the process.

Report this User

Report this user for behavior that violates our Community Guidelines.

Details: